| 000 | 00539nam a2200205Ia 4500 | ||
|---|---|---|---|
| 003 | OSt | ||
| 005 | 20240314114147.0 | ||
| 008 | 210210b1986 xxu||||| |||| 00| 0 eng d | ||
| 040 | _cAL | ||
| 041 | _aEnglish | ||
| 082 | _a652.3 SELE | ||
| 100 |
_aSELECTED MANUSCRIPTS _9154246 |
||
| 245 | _aSELECTED MANUSCRIPTS: senior grade. set II. | ||
| 260 |
_aBangalore. _bSree Subramanyeswara book depot, _c1986 |
||
| 300 | _a54 | ||
| 650 |
_aTyping Manuscripts _9154247 |
||
| 690 |
_aTypewriting _9154248 |
||
| 906 | _a037444 | ||
| 942 |
_2ddc _cBK |
||
| 999 |
_c87402 _d87402 |
||